000 00648nam a2200169Ia 4500
999 _c37224
_d37224
041 _aEnglish
082 _aRS.0919
100 _aShanmugaraj, V.
_uDepartment of linguistics, Madhurai Kamraj University
_vMadurai
245 0 _aSocial linguistic study of fisherman dialects :
_bwith reference to Ramanand, Tuticorin and Kanyakumari districts /
_cV. Shanmugaraj
260 _aNew Delhi :
_bICSSR,
_c2013
300 _a104p. ;
504 _aInclude bibliographical references.
536 _aIndian Council of Social Science Research.
546 _aEnglish
650 _aLinguistics
_vsocial study
_zRamanad
_zTuticorin
_zKanyakumari
942 _cRP
_2ddc